[Llibreta #DibaOberta : Journal Books] Journal Books]

Publicat: [Barcelona : Diputació de Barcelona
Descripció física: 1 llibreta enquadernada ; 14 x 22 cm
Matèries: Llibretes
Idioma: Català

MARC

LEADER 00000nrm a22000007a 4500
001 27658
003 Arxiu
005 20260324181158.0
008 230404b spa||||| |||| 00| 0 cat d
040 |a agdb  |b cat 
245 |a [Llibreta #DibaOberta :   |b Journal Books] 
260 |a [Barcelona :   |b Diputació de Barcelona ;   |c s.a.] 
300 |a 1 llibreta enquadernada ;   |c 14 x 22 cm 
500 |a Es troba dins d'una capsa de cartró. 
655 0 |9 54934  |a Llibretes 
710 1 |a Barcelona (Catalunya : Província).  |b Diputació  |9 52408 
942 |2 udc  |c ARXIU  |n 1 
952 |0 0  |1 0  |2 udc  |4 0  |6 NBM16200  |7 1  |9 65955  |a Arxiu  |b Arxiu  |d 2023-04-04  |l 0  |o NBM-16-200  |p 27658  |r 2023-04-04 00:00:00  |w 2023-04-04  |y ARXIU 
999 |c 83318  |d 83318